Statistics for Countries of Premier League Players

Click here to take the quiz!

General Stats

  • This quiz has been taken 37,081 times
  • The average score is 11 of 13

Answer Stats

# Country % Correct
1464England
98%
193France
98%
116Spain
97%
163Ireland
92%
187Scotland
90%
65Italy
89%
62Brazil
88%
113Wales
87%
63Argentina
84%
122Netherlands
81%
60Sweden
69%
62Northern Ireland
64%
63Norway
55%

Score Distribution

Percentile by Number Answered

Percent of People with Each Score

Your Score History

You have not taken this quiz